[Event "CHN-chTB"]
[Site "Qinhuangdao"]
[Date "2017.07.13"]
[Round "7.4"]
[White "Zhu, Yi"]
[Black "Deng, Tianle"]
[Result "1-0"]
[WhiteElo "2378"]
[BlackElo "2081"]
[PlyCount "61"]
[EventDate "2017.07.10"]
[EventType "team-tourn"]
[EventRounds "11"]
[EventCountry "CHN"]
[SourceTitle "EXT 2018"]
[Source "ChessBase"]
[SourceDate "2017.10.13"]
[SourceVersion "1"]
[SourceVersionDate "2017.10.13"]
[SourceQuality "1"]
[WhiteTeam "Shenzhen Qiyuan"]
[BlackTeam "Shenzhen Zhangzhong"]
[WhiteTeamCountry "CHN"]
[BlackTeamCountry "CHN"]

1. d4 Nf6 2. c4 e6 3. g3 c5 4. Nf3 cxd4 5. Nxd4 a6 6. Bg2 Qc7 7. Nc3 Qxc4 8. 0-0 d5 9. Bf4 Nc6 10. Nb3 Be7 11. a3 a5 12. Rc1 Qa6 13. a4 0-0 14. Nb5 Qb6 15. Bc7 Qa6 16. Nc5 Bxc5 17. Rxc5 Ne8 18. Qc1 Bd7 19. Rd1 Rc8 20. Bf4 b6 21. Rc3 Nb4 22. Rxc8 Qxc8 23. Qxc8 Bxc8 24. Be3 Nf6 25. Bxb6 Nc6 26. b3 Bb7 27. Rc1 h6 28. e3 Nd7 29. Bc7 Ba8 30. Bf1 Rc8 31. Bxa5 1-0

[Event "Asian Continental op 16th"]
[Site "Chengdu"]
[Date "2017.05.18"]
[Round "7"]
[White "Zhu, Jiner"]
[Black "Deng, Tianle"]
[Result "1-0"]
[WhiteElo "2184"]
[BlackElo "2105"]
[PlyCount "87"]
[EventDate "2017.05.12"]
[EventType "swiss"]
[EventRounds "9"]
[EventCountry "CHN"]
[SourceTitle "CBM 178 Extra"]
[Source "ChessBase"]
[SourceDate "2017.06.22"]
[SourceVersion "1"]
[SourceVersionDate "2017.06.22"]
[SourceQuality "1"]

1. e4 e5 2. Nf3 Nc6 3. Bc4 Bc5 4. 0-0 Nf6 5. d3 d6 6. c3 a6 7. Bb3 0-0 8. Nbd2 h6 9. Re1 Be6 10. Nf1 d5 11. exd5 Nxd5 12. Ng3 Re8 13. Bc2 Ba7 14. Qe2 Qd7 15. Qf1 Bg4 16. Nd2 Rad8 17. h3 Be6 18. Nf3 Qd6 19. Nh4 Qd7 20. Nf3 Qd6 21. Nh4 Qd7 22. Bd2 f5 23. Rad1 b5 24. a4 g5 25. Nf3 Qg7 26. axb5 axb5 27. d4 e4 28. Qxb5 Nde7 29. Bb3 Qf7 30. Ne5 Nxe5 31. Bxe6 Qxe6 32. Qxe5 Qxe5 33. dxe5 Kf7 34. Re2 Ke6 35. Ra1 Bb6 36. c4 Ra8 37. Rxa8 Rxa8 38. Bc3 Nc6 39. Kh2 Nxe5 40. Nxe4 fxe4 41. Rxe4 Bxf2 42. Bxe5 Kf5 43. Re2 Ra1 44. g4+ 1-0

[Event "Asian Continental op 16th"]
[Site "Chengdu"]
[Date "2017.05.13"]
[Round "2"]
[White "Bersamina, Paulo"]
[Black "Deng, Tianle"]
[Result "1/2-1/2"]
[WhiteElo "2419"]
[BlackElo "2105"]
[PlyCount "67"]
[EventDate "2017.05.12"]
[EventType "swiss"]
[EventRounds "9"]
[EventCountry "CHN"]
[SourceTitle "CBM 178 Extra"]
[Source "ChessBase"]
[SourceDate "2017.06.22"]
[SourceVersion "1"]
[SourceVersionDate "2017.06.22"]
[SourceQuality "1"]

1. e4 e5 2. Nf3 Nc6 3. Bb5 a6 4. Ba4 Nf6 5. 0-0 Be7 6. Bxc6 dxc6 7. d3 Nd7 8. Nbd2 0-0 9. Nc4 f6 10. Nh4 Nc5 11. Nf5 Bxf5 12. exf5 Qd5 13. Qg4 Rad8 14. Bh6 Qf7 15. Be3 Rfe8 16. Nd2 Kh8 17. a3 Bf8 18. f3 b5 19. Qh4 Na4 20. Ne4 Nxb2 21. g4 Be7 22. Kh1 Na4 23. Rg1 Nb6 24. g5 fxg5 25. Bxg5 Nd5 26. Qg4 Rf8 27. Bxe7 Qxe7 28. Ng5 Nf4 29. Rae1 Qf6 30. Ne4 Qf7 31. Nc5 Qf6 32. Ne4 Qf7 33. Nc5 Qf6 34. Ne4 1/2-1/2

[Event "Hong Kong Jolimark op"]
[Site "Hong Kong"]
[Date "2016.12.28"]
[Round "6"]
[White "Li, Bo"]
[Black "Deng, Tianle"]
[Result "1-0"]
[WhiteElo "2364"]
[BlackElo "2021"]
[PlyCount "121"]
[EventDate "2016.12.26"]
[EventType "swiss"]
[EventRounds "9"]
[EventCountry "HKG"]
[SourceTitle "CBM 176 Extra"]
[Source "ChessBase"]
[SourceDate "2017.03.02"]
[SourceVersion "1"]
[SourceVersionDate "2017.03.02"]
[SourceQuality "1"]

1. d4 Nf6 2. c4 e6 3. g3 c5 4. Nf3 cxd4 5. Nxd4 Qc7 6. Qa4 Nc6 7. Nb5 Qb8 8. Bg2 a6 9. N5c3 Be7 10. 0-0 0-0 11. Bf4 d6 12. Nd2 Bd7 13. c5 e5 14. cxd6 Qxd6 15. Bg5 Rad8 16. Qh4 h6 17. Bxf6 Qxf6 18. Qxf6 Bxf6 19. Nde4 Be7 20. Nd5 f5 21. Nxe7+ Nxe7 22. Nc5 b6 23. Nxa6 Bb5 24. Nb4 Bxe2 25. Rfe1 Rd2 26. b3 e4 27. Rac1 Rfd8 28. Bf1 Bxf1 29. Kxf1 Ng6 30. g4 Ne5 31. gxf5 Rf8 32. Rxe4 Rxf5 33. Re2 Rd4 34. Rxe5 Rxe5 35. Nc6 Red5 36. Nxd4 Rxd4 37. Ke2 Rd6 38. a4 Kf7 39. Ke3 Ke6 40. b4 Kd7 41. a5 bxa5 42. bxa5 Rd5 43. Ra1 Kc7 44. a6 Kb8 45. a7+ Ka8 46. h4 Re5+ 47. Kf4 Rc5 48. Ra6 g5+ 49. hxg5 hxg5+ 50. Kg4 Rc2 51. Rf6 Kxa7 52. Kxg5 Kb7 53. f4 Kc7 54. Re6 Kd7 55. f5 Rg2+ 56. Kf6 Rg8 57. Re1 Rg4 58. Kf7 Rf4 59. Rd1+ Kc8 60. f6 Rf2 61. Ke7 1-0

[Event "Danzhou Hainan op 1st"]
[Site "Danzhou"]
[Date "2016.12.13"]
[Round "6"]
[White "Xu, Minghui"]
[Black "Deng, Tianle"]
[Result "1-0"]
[WhiteElo "2341"]
[BlackElo "2021"]
[PlyCount "71"]
[EventDate "2016.12.07"]
[EventType "swiss"]
[EventRounds "9"]
[EventCountry "CHN"]
[SourceTitle "CBM 176 Extra"]
[Source "ChessBase"]
[SourceDate "2017.03.02"]
[SourceVersion "1"]
[SourceVersionDate "2017.03.02"]
[SourceQuality "1"]

1. Nf3 Nf6 2. c4 c5 3. Nc3 e6 4. g3 b6 5. Bg2 Bb7 6. 0-0 Be7 7. b3 0-0 8. Bb2 d5 9. cxd5 exd5 10. d4 Nc6 11. Rc1 Re8 12. dxc5 Bxc5 13. Nh4 d4 14. Na4 Na5 15. Bxb7 Nxb7 16. Nf3 Qd7 17. Bxd4 Qf5 18. Bxf6 Qxf6 19. Qd7 Rab8 20. Rfd1 Ba3 21. Rc6 Qd8 22. Rc7 b5 23. Rxb7 bxa4 24. Qxd8 Rexd8 25. Rxd8+ Rxd8 26. Rxa7 axb3 27. Rxa3 b2 28. Nd2 h6 29. Rd3 Rc8 30. Rb3 Rc2 31. Nf1 Rxe2 32. a4 Re4 33. Rxb2 Rxa4 34. Ne3 Kh7 35. Kg2 Ra8 36. Rb7 1-0

[Event "Danzhou Hainan op 1st"]
[Site "Danzhou"]
[Date "2016.12.11"]
[Round "5"]
[White "Deng, Tianle"]
[Black "Song, Yuxin"]
[Result "1-0"]
[WhiteElo "2021"]
[BlackElo "1765"]
[PlyCount "103"]
[EventDate "2016.12.07"]
[EventType "swiss"]
[EventRounds "9"]
[EventCountry "CHN"]
[SourceTitle "CBM 176 Extra"]
[Source "ChessBase"]
[SourceDate "2017.03.02"]
[SourceVersion "1"]
[SourceVersionDate "2017.03.02"]
[SourceQuality "1"]

1. e4 c5 2. Nf3 d6 3. d4 cxd4 4. Nxd4 Nf6 5. Nc3 a6 6. Be3 e5 7. Nb3 Be7 8. f3 Be6 9. Qd2 h5 10. Nd5 Nxd5 11. exd5 Bf5 12. Be2 Bh4+ 13. g3 Be7 14. 0-0 Nd7 15. Na5 Qc7 16. c4 0-0 17. b4 Nb8 18. Rac1 b6 19. Nb3 Nd7 20. Rfd1 Rfd8 21. f4 exf4 22. Bxf4 Nf6 23. Nd4 Ne4 24. Qe3 Bg6 25. Bd3 Nf6 26. Bxg6 fxg6 27. Ne6 Qb7 28. Nxd8 Rxd8 29. Re1 Bf8 30. Bg5 Rd7 31. Rf1 Re7 32. Qd3 Kf7 33. Qf3 Re5 34. Bxf6 Rf5 35. Qe4 gxf6 36. Qe6+ Kg7 37. Rxf5 gxf5 38. Qxf5 b5 39. c5 Qa7 40. Qf2 dxc5 41. bxc5 Qc7 42. Qd4 Bd6 43. Kg2 Be5 44. Qe4 Qa5 45. Rc2 Qd8 46. d6 Qc8 47. Qd5 Qd7 48. c6 Qxd6 49. Qxd6 Bxd6 50. c7 Bxc7 51. Rxc7+ Kg6 52. Ra7 1-0

[Event "Danzhou Hainan op 1st"]
[Site "Danzhou"]
[Date "2016.12.10"]
[Round "4"]
[White "Zhu, Jiner"]
[Black "Deng, Tianle"]
[Result "0-1"]
[WhiteElo "2165"]
[BlackElo "2021"]
[PlyCount "90"]
[EventDate "2016.12.07"]
[EventType "swiss"]
[EventRounds "9"]
[EventCountry "CHN"]
[SourceTitle "CBM 176 Extra"]
[Source "ChessBase"]
[SourceDate "2017.03.02"]
[SourceVersion "1"]
[SourceVersionDate "2017.03.02"]
[SourceQuality "1"]

1. e4 e5 2. Nf3 Nc6 3. Bb5 a6 4. Ba4 Nf6 5. d3 b5 6. Bb3 Be7 7. 0-0 d6 8. c3 0-0 9. Re1 Na5 10. Bc2 c5 11. h3 h6 12. d4 Qc7 13. b3 cxd4 14. cxd4 Nc6 15. d5 Nb4 16. Bd3 Bd7 17. Bb2 Nxd3 18. Qxd3 Nh5 19. Qe3 Rae8 20. Nc3 Qb7 21. Qd2 b4 22. Ne2 f5 23. Ng3 Nxg3 24. fxg3 a5 25. exf5 Rxf5 26. Re4 Bd8 27. Kh2 Bb6 28. g4 Rf7 29. a3 Bc5 30. a4 Ref8 31. Qd3 Qb6 32. Rc1 Bc8 33. Qd2 Rxf3 34. gxf3 Rxf3 35. Kg2 Rf2+ 36. Qxf2 Bxf2 37. Rxc8+ Kh7 38. Rc6 Qa7 39. Rc2 Bc5 40. Rec4 Qf7 41. Rd2 Be3 42. Re2 Qxd5+ 43. Kg3 Bf4+ 44. Kf2 Qh1 45. Rc6 Qxc6 0-1

[Event "Danzhou Hainan op 1st"]
[Site "Danzhou"]
[Date "2016.12.09"]
[Round "3"]
[White "Deng, Tianle"]
[Black "Zhang, Lanlin"]
[Result "1/2-1/2"]
[WhiteElo "2021"]
[BlackElo "2094"]
[PlyCount "94"]
[EventDate "2016.12.07"]
[EventType "swiss"]
[EventRounds "9"]
[EventCountry "CHN"]
[SourceTitle "CBM 176 Extra"]
[Source "ChessBase"]
[SourceDate "2017.03.02"]
[SourceVersion "1"]
[SourceVersionDate "2017.03.02"]
[SourceQuality "1"]

1. e4 c5 2. Nf3 d6 3. d4 cxd4 4. Nxd4 Nf6 5. Nc3 a6 6. Be3 e5 7. Nb3 Be7 8. f3 Be6 9. Qd2 Nbd7 10. 0-0-0 0-0 11. g4 b5 12. Rg1 b4 13. Nd5 Bxd5 14. exd5 Nb6 15. Na5 Nfxd5 16. Nc6 Qc7 17. Nxe7+ Qxe7 18. Bxb6 Nxb6 19. Qxd6 Qg5+ 20. Qd2 Qe7 21. Qe3 Qe6 22. Bd3 Rab8 23. Qe4 g6 24. Kb1 a5 25. Rge1 Rfe8 26. Bb5 Red8 27. Qc6 Qxc6 28. Bxc6 f6 29. Kc1 Kf7 30. Rxd8 Rxd8 31. Rd1 Rxd1+ 32. Kxd1 Ke6 33. c3 Kd6 34. Be4 Kc5 35. Kc2 Nc4 36. b3 Na3+ 37. Kd3 Nb5 38. c4 Nc3 39. h4 Nxa2 40. Ke3 Nc3 41. Bxg6 h6 42. Bc2 a4 43. bxa4 Kxc4 44. Bd3+ Kc5 45. Bc2 Kb6 46. h5 Ka5 47. Kd3 Kb6 1/2-1/2

[Event "Danzhou Hainan op 1st"]
[Site "Danzhou"]
[Date "2016.12.07"]
[Round "1"]
[White "Deng, Tianle"]
[Black "Liu, Yan"]
[Result "0-1"]
[WhiteElo "2021"]
[BlackElo "2403"]
[PlyCount "74"]
[EventDate "2016.12.07"]
[EventType "swiss"]
[EventRounds "9"]
[EventCountry "CHN"]
[SourceTitle "CBM 176 Extra"]
[Source "ChessBase"]
[SourceDate "2017.03.02"]
[SourceVersion "1"]
[SourceVersionDate "2017.03.02"]
[SourceQuality "1"]

1. e4 c5 2. Nf3 d6 3. d4 cxd4 4. Nxd4 Nf6 5. Nc3 a6 6. Be3 e5 7. Nb3 Be6 8. f3 h5 9. Qd2 Nbd7 10. Nd5 Bxd5 11. exd5 g6 12. Be2 a5 13. Rc1 Bg7 14. c4 0-0 15. 0-0 a4 16. Na1 e4 17. Nc2 exf3 18. gxf3 Re8 19. Bf4 Nh7 20. Kh1 Bxb2 21. Rb1 Qf6 22. Bg3 Nc5 23. Ne1 Bc3 24. Qc2 Re7 25. Rb6 Rae8 26. Bd3 Rxe1 27. Bxe1 Rxe1 28. Rxe1 Bxe1 29. Be2 Bf2 30. Rb1 Qf4 31. Rf1 Bd4 32. Bd3 Kg7 33. Be4 Be5 34. Rf2 Ng5 35. Qd2 Ngxe4 36. fxe4 Qxe4+ 37. Rg2 Qxc4 0-1

[Event "Shenzhen zt 3.5"]
[Site "Shenzhen"]
[Date "2016.06.30"]
[Round "5"]
[White "Peng, Shunkai"]
[Black "Deng, Tianle"]
[Result "0-1"]
[WhiteElo "1937"]
[BlackElo "1865"]
[PlyCount "96"]
[EventDate "2016.06.26"]
[EventType "swiss"]
[EventRounds "11"]
[EventCountry "CHN"]
[SourceTitle "CBM 173 Extra"]
[Source "ChessBase"]
[SourceDate "2016.08.29"]
[SourceVersion "1"]
[SourceVersionDate "2016.08.29"]
[SourceQuality "1"]

1. e4 c5 2. Nf3 e6 3. d3 Nc6 4. g3 d6 5. Bg2 g6 6. 0-0 Bg7 7. Re1 Nge7 8. c3 e5 9. a3 a5 10. a4 0-0 11. Na3 h6 12. Nb5 Na7 13. Nxa7 Rxa7 14. d4 cxd4 15. cxd4 Nc6 16. Be3 Ra8 17. h3 Nb4 18. Qd2 Kh7 19. Rad1 Be6 20. dxe5 dxe5 21. Qe2 Qc8 22. Rc1 Qd7 23. Bf1 Rfc8 24. Red1 Qxa4 25. Ra1 Qc2 26. Nd2 Qc6 27. Rac1 Qxc1 28. Rxc1 Rxc1 29. Kh2 Rc2 30. Qb5 Rxb2 31. Nc4 Bxc4 32. Bxc4 Nd3 33. Qd7 Nxf2 34. Kg1 Nxe4 35. Qxf7 Nd6 36. Qe7 Nf5 37. Qc5 Nxe3 38. Qxe3 Rc8 39. Bd3 Rc6 40. Be4 Rd6 41. Qc1 Rbd2 42. Qa3 R6d4 43. Qf3 a4 44. g4 Rxe4 45. Qxe4 a3 46. Qe1 a2 47. Qxd2 a1Q+ 48. Kg2 Qd4 0-1

[Event "Shenzhen zt 3.5"]
[Site "Shenzhen"]
[Date "2016.06.29"]
[Round "4"]
[White "Lin, Yi1111"]
[Black "Deng, Tianle"]
[Result "1-0"]
[WhiteElo "2093"]
[BlackElo "1865"]
[PlyCount "99"]
[EventDate "2016.06.26"]
[EventType "swiss"]
[EventRounds "11"]
[EventCountry "CHN"]
[SourceTitle "CBM 173 Extra"]
[Source "ChessBase"]
[SourceDate "2016.08.29"]
[SourceVersion "1"]
[SourceVersionDate "2016.08.29"]
[SourceQuality "1"]

1. d4 Nf6 2. c4 e6 3. g3 c5 4. Nf3 cxd4 5. Nxd4 Qc7 6. Nc3 a6 7. Bg2 Qxc4 8. 0-0 d5 9. Bf4 Nc6 10. Nb3 Qb4 11. Rc1 Be7 12. e4 dxe4 13. Re1 e5 14. Bg5 Bg4 15. Qc2 Qc4 16. Bxf6 gxf6 17. Bxe4 Rd8 18. Qb1 Qe6 19. Na4 f5 20. Nac5 Qf6 21. Bg2 e4 22. h3 Bh5 23. Nxb7 Rb8 24. Qc2 Nb4 25. Qc7 0-0 26. N7c5 Rbc8 27. Qa5 Bxc5 28. Nxc5 Rxc5 29. Rxc5 Nd3 30. Rxf5 Qxb2 31. Rxe4 Bg6 32. Qd5 Nb4 33. Qa5 Qc1+ 34. Kh2 Nc6 35. Qc5 Qd2 36. Rd5 Qxa2 37. Qxc6 Bxe4 38. Bxe4 Qxf2+ 39. Bg2 Kh8 40. Qc5 Qxc5 41. Rxc5 f5 42. Rc4 Kg7 43. Ra4 h5 44. h4 Rf6 45. Bf1 a5 46. Kg2 Kg6 47. Kf3 Rb6 48. Rxa5 Rb3+ 49. Kf2 Rb2+ 50. Be2 1-0

[Event "Shenzhen zt 3.5"]
[Site "Shenzhen"]
[Date "2016.06.27"]
[Round "2"]
[White "Deng, Tianle"]
[Black "Zhu, Jiner"]
[Result "0-1"]
[WhiteElo "1865"]
[BlackElo "2177"]
[PlyCount "96"]
[EventDate "2016.06.26"]
[EventType "swiss"]
[EventRounds "11"]
[EventCountry "CHN"]
[SourceTitle "CBM 173 Extra"]
[Source "ChessBase"]
[SourceDate "2016.08.29"]
[SourceVersion "1"]
[SourceVersionDate "2016.08.29"]
[SourceQuality "1"]

1. e4 c5 2. Nf3 d6 3. d4 Nf6 4. Nc3 cxd4 5. Nxd4 a6 6. Be3 e6 7. f3 Be7 8. Qd2 Nc6 9. 0-0-0 0-0 10. g4 Nxd4 11. Bxd4 b5 12. g5 Nd7 13. h4 Qc7 14. Bd3 b4 15. Ne2 Ne5 16. Qe3 Nxd3+ 17. Qxd3 a5 18. Kb1 Ba6 19. Qd2 a4 20. Nc1 Rfc8 21. Rdg1 Bc4 22. b3 axb3 23. cxb3 Bb5 24. g6 fxg6 25. h5 Bf8 26. hxg6 hxg6 27. Qh2 e5 28. Qh7+ Kf7 29. Qxg6+ Ke7 30. Qg5+ Ke8 31. Rh2 Qe7 32. Qh5+ Kd7 33. Rd2 Kc6 34. Bb2 Kb7 35. f4 Bc6 36. fxe5 Bxe4+ 37. Ka1 d5 38. Qe2 Qc5 39. Rgd1 Ra6 40. Qf1 Be7 41. Bd4 Qc6 42. Rb2 g5 43. Nd3 g4 44. Rc1 Bxd3 45. Rxc6 Bxf1 46. Rxc8 Kxc8 47. Rf2 Bd3 48. Rf7 Rh6 0-1

[Event "Shenzhen zt 3.5"]
[Site "Shenzhen"]
[Date "2016.06.26"]
[Round "1"]
[White "Deng, Tianle"]
[Black "Zhang, Ziji"]
[Result "0-1"]
[WhiteElo "1865"]
[BlackElo "2313"]
[PlyCount "138"]
[EventDate "2016.06.26"]
[EventType "swiss"]
[EventRounds "11"]
[EventCountry "CHN"]
[SourceTitle "CBM 173 Extra"]
[Source "ChessBase"]
[SourceDate "2016.08.29"]
[SourceVersion "1"]
[SourceVersionDate "2016.08.29"]
[SourceQuality "1"]

1. e4 c5 2. Nf3 d6 3. d4 cxd4 4. Nxd4 Nf6 5. Nc3 Nc6 6. Bg5 e6 7. Qd2 Be7 8. 0-0-0 Nxd4 9. Qxd4 0-0 10. f4 Qa5 11. Bc4 Bd7 12. e5 dxe5 13. fxe5 Bc6 14. Bd2 Nd7 15. Nd5 Qd8 16. Nxe7+ Qxe7 17. Rhe1 Rfc8 18. Bf1 a5 19. Kb1 b5 20. Bc1 b4 21. Qg4 Bd5 22. Bh6 f5 23. exf6 Nxf6 24. Qg3 Ne4 25. Qe5 Qb7 26. Rxe4 Bxe4 27. Qxe6+ Qf7 28. Qxe4 gxh6 29. b3 Kh8 30. Qd4+ Qg7 31. Qxg7+ Kxg7 32. Rd7+ Kf6 33. Rxh7 Rh8 34. Rc7 Rhe8 35. Kb2 Re7 36. Rc6+ Re6 37. Rc5 Rd6 38. Bd3 Rg8 39. g3 Rg5 40. Rc4 Ke7 41. a3 bxa3+ 42. Kxa3 h5 43. b4 axb4+ 44. Rxb4 Rf6 45. Kb3 Rf2 46. Rh4 Kf6 47. c4 Ke5 48. Kb4 Rd2 49. Kc3 Ra2 50. Bc2 Kf6 51. Bb3 Rf2 52. Kb4 Rff5 53. Bd1 Re5 54. Rd4 Ke7 55. Bf3 Re3 56. Rf4 Kd6 57. Rf6+ Ke5 58. Rf4 h4 59. Rg4 Rh5 60. Bg2 h3 61. Bf1 Rf3 62. Be2 Rf2 63. Rg8 Rh6 64. Re8+ Kd4 65. Rd8+ Ke3 66. Re8+ Kd2 67. Bg4 Rxh2 68. Bxh3 R2xh3 69. Kb5 Rxg3 0-1

[Event "Ho Chi Minh City HD Bank op-B 6th"]
[Site "Ho Chi Minh City"]
[Date "2016.03.12"]
[Round "8"]
[White "Vo, Huynh Thien"]
[Black "Deng, Tianle"]
[Result "0-1"]
[WhiteElo "1655"]
[BlackElo "1824"]
[PlyCount "82"]
[EventDate "2016.03.08"]
[EventType "swiss"]
[EventRounds "9"]
[EventCountry "VIE"]
[SourceTitle "CBM 171 Extra"]
[Source "ChessBase"]
[SourceDate "2016.04.26"]
[SourceVersion "1"]
[SourceVersionDate "2016.04.26"]
[SourceQuality "1"]

1. e4 c5 2. d3 g6 3. Nc3 Bg7 4. g3 Nc6 5. Bg2 e6 6. Nge2 Nge7 7. 0-0 0-0 8. Be3 Nd4 9. Qd2 d6 10. Nd1 Nxe2+ 11. Qxe2 Nc6 12. c3 e5 13. f4 f5 14. Nf2 Be6 15. exf5 Bxf5 16. Bd5+ Kh8 17. Ne4 Qd7 18. Rae1 Rae8 19. Qd2 Bh3 20. Rf2 Be6 21. Bxe6 Qxe6 22. Ref1 b6 23. Ng5 Qd7 24. fxe5 Rxf2 25. Qxf2 Nxe5 26. Qd2 h6 27. Ne4 d5 28. Nf6 Bxf6 29. Rxf6 Qe7 30. Rf1 g5 31. Kg2 d4 32. cxd4 Qb7+ 33. Kh3 Qd7+ 34. Kg2 Qd5+ 35. Kh3 g4+ 36. Kh4 Nf3+ 37. Rxf3 Qxf3 38. Bxh6 Re2 39. Qf4 Rxh2+ 40. Kg5 Qxf4+ 41. gxf4 g3 0-1

[Event "Ho Chi Minh City HD Bank op-B 6th"]
[Site "Ho Chi Minh City"]
[Date "2016.03.09"]
[Round "3"]
[White "Deng, Tianle"]
[Black "Thai, Ngoc Tuong Minh"]
[Result "1-0"]
[WhiteElo "1824"]
[BlackElo "1219"]
[PlyCount "94"]
[EventDate "2016.03.08"]
[EventType "swiss"]
[EventRounds "9"]
[EventCountry "VIE"]
[SourceTitle "CBM 171 Extra"]
[Source "ChessBase"]
[SourceDate "2016.04.26"]
[SourceVersion "1"]
[SourceVersionDate "2016.04.26"]
[SourceQuality "1"]

1. e4 d5 2. exd5 Qxd5 3. Nc3 Qa5 4. d4 Nf6 5. Nf3 c6 6. Bc4 Bg4 7. h3 Bh5 8. g4 Bg6 9. Ne5 e6 10. Nxg6 hxg6 11. Qe2 Nbd7 12. Bd2 Qc7 13. 0-0-0 0-0-0 14. Bb3 Bd6 15. Qf3 Nb6 16. Ne4 Nxe4 17. Qxe4 Nd5 18. c4 Nf6 19. Qf3 Qe7 20. Rhe1 Qf8 21. Kb1 Bb4 22. Bxb4 Qxb4 23. g5 Nh7 24. Qxf7 Nxg5 25. Qxg6 Nxh3 26. Qxe6+ Kb8 27. Qe3 Qf8 28. Rf1 Qf6 29. Bc2 Nf4 30. Rg1 Rhe8 31. Be4 Ne6 32. Rg6 Qe7 33. Bf5 Nc7 34. Qxe7 Rxe7 35. f3 a6 36. Kc2 Ka7 37. Kc3 Kb6 38. Rd3 Rf8 39. Bg4 Rfe8 40. d5 Na8 41. dxc6 bxc6 42. Bd7 Rd8 43. Bxc6 Rxd3+ 44. Kxd3 Ka7 45. Bxa8 Kxa8 46. Rxa6+ Kb7 47. Rg6 Rc7 1-0

[Event "Ho Chi Minh City HD Bank op-B 6th"]
[Site "Ho Chi Minh City"]
[Date "2016.03.08"]
[Round "2"]
[White "Le, Thi Phuong Lien"]
[Black "Deng, Tianle"]
[Result "1-0"]
[WhiteElo "2091"]
[BlackElo "1824"]
[PlyCount "75"]
[EventDate "2016.03.08"]
[EventType "swiss"]
[EventRounds "9"]
[EventCountry "VIE"]
[SourceTitle "CBM 171 Extra"]
[Source "ChessBase"]
[SourceDate "2016.04.26"]
[SourceVersion "1"]
[SourceVersionDate "2016.04.26"]
[SourceQuality "1"]

1. e4 c5 2. Nf3 e6 3. d4 cxd4 4. Nxd4 a6 5. Bd3 Nf6 6. 0-0 Qc7 7. c4 Bc5 8. Be3 Qb6 9. e5 Bxd4 10. exf6 gxf6 11. Bxd4 Qxd4 12. Nc3 Nc6 13. Qf3 f5 14. Rad1 Qg7 15. Rfe1 0-0 16. Qf4 f6 17. Re3 Kh8 18. Rg3 Qf7 19. Na4 e5 20. Qh6 Nd4 21. Nb6 Rb8 22. c5 d5 23. cxd6 Be6 24. Rc1 Nc6 25. Be2 Rg8 26. Bxa6 f4 27. Rxg8+ Rxg8 28. Bxb7 Rg6 29. Qxg6 Qxg6 30. Bxc6 e4 31. d7 Bxd7 32. Bxd7 f3 33. g3 f5 34. Rc6 Qg4 35. Nd5 Qh3 36. Nf4 Qg4 37. Rc8+ Kg7 38. h3 1-0